Estatísticas para Copa do Mundo da FIFA de 2002

Clique aqui para jogar o quiz

Estatísticas Gerais

  • Esse quiz foi jogado 497 vezes
  • A pontuação média é 27 de 32

Estatísticas das Respostas

GrupoTime% Correto
Group CBrasil
100%
Group HJapão
98%
Group EAlemanha
97%
Group FArgentina
97%
Group DCoreia do Sul
96%
Group AFrança
95%
Group AUruguai
95%
Group BEspanha
94%
Group GItália
94%
Group DEstados Unidos
92%
Group FInglaterra
91%
Group DPortugal
91%
Group GMéxico
89%
Group CChina
88%
Group CTurquia
88%
Group FSuécia
85%
Group HBelgica
84%
Group CCosta Rica
83%
Group ASenegal
82%
Group ECamarões
81%
Group BParaguai
81%
Group HRússia
81%
Group FNigeria
78%
Group ADinamarca
77%
Group GEquador
74%
Group DPolônia
74%
Group EArábia Saudita
73%
Group GCroácia
71%
Group HTunísia
65%
Group BÁfrica do Sul
64%
Group EIrlanda
63%
Group BEslovenia
54%

Distribuição das Pontuações

Percentil de Números Respondidos

Porcentagem de Pessoas com Cada Pontuação

Sua Pontuação Histórica

Você não jogou esse quiz